000
00313nam a2200133Ia 4500
005
20251222141827.0
008
251222s9999||||xx |||||||||||||| ||spa||
020
_a
978-612-4031-81-6
082
_a
372.5/M47
100
_a
Mevius, Mónica
245
0
_a
Arte, Juego y Movimiento
264
_b
Centauro
942
_c
LIB
999
_c
7002
_d
7002